Statistics for Rock Albums #13

Click here to take the quiz!

General Stats

  • This quiz has been taken 22 times
  • The average score is 4 of 20

Answer Stats

AlbumYear of ReleaseArtist% Correct
Korn1994Korn
100%
The Queen is Dead1986The Smiths
45%
No more Tears1991Ozzy Osbourne
30%
Surfer Rosa1988Pixies
30%
Wheels of Fire1968Cream
25%
White Pony2000Deftones
25%
Piece of Mind1983Iron Maiden
25%
Rocka Rolla1974Judas Priest
20%
The Dirt Soundtrack2019Motleycrue
20%
Give me Convenience or Give Me death1987Dead Kennedys
15%
Reise, Reise2004Rammstein
15%
Down on the Upside1996Soundgarden
15%
No one Sings like you Anymore2020Chris Cornell
10%
Prophets of Rage2017Prophets of Rage
10%
All hope is gone2008Slipknot
10%
On Parole1979Motorhead
5%
British Lion2012Steve Harris
5%
Come What(ever) May2006Stone Sour
5%
Life is Killing me2003Type O Negative
5%
Out Of Exile2005Audioslave
0%

Score Distribution

Percentile by Number Answered

Percent of People with Each Score

Your Score History

You have not taken this quiz